000 00845cam a2200265 a 4500
999 _c9137
_d9137
001 9137
003 BD-JhCC
005 20180308201739.0
008 870611s1959 enk b 001 0 eng d
035 _a34265
_a(BD-JhCC)9137
040 _aNU
_cNU
_dNU
_dBD-JhCC
041 _aeng
082 0 4 _a820/.9
_220
_bDOB 1959
100 1 _aDobree, Bonamy,
_d1891-
245 1 0 _aEnglish literature in the early eighteenth century, 1700-1740 /
_cby Bonamy Dobree.
260 _aOxford :
_bClarendon Press,
_c1959.
300 _axii, 701 p.;
_c23 cm.
490 1 _aOxford history of English literature ;
_v7
500 _aIncludes index.
504 _aBibliography: p. [586]-696.
650 0 _aEnglish literature
_y18th century
_xHistory and criticism.
830 0 _aOxford history of English literature ;
_v7.
942 _2ddc
_cBK